007360000a22001690004500090001400000245013000014650003400144650003500178650002400213653002500237041001300262100002800275942001300303773004400316999001500360952019100375 aARb0061310aDugong: endangered siren of the south seas: the legendary mermaid has been so exploited by man that she needs help to survive14aEspecies en extinción9465314aMamíferos acuáticos99327414aUso de fauna920626 gDugongeDugong dugon0 aInglés1 aHusar, Sandra L.993714 cARTICULO1 tEnvironmental Journal3238q15-18d1975 c9705d9705 001040718HEMEROTECAaBogotabBogotad2015-02-27eInstituto de Ciencias NaturaleshFuera de circulaciónl0oAR 00613p010929r2015-03-25 00:00:00t1w2015-03-25xDonaciónyARTICULO